| 000 | 01115nam a2200205Ia 4500 | ||
|---|---|---|---|
| 003 | Ost | ||
| 005 | 20260507075113.0 | ||
| 008 | 260507s9999||||xx |||||||||||||| ||und|| | ||
| 040 | _cfsecg | ||
| 041 | _aara | ||
| 082 | _a330 | ||
| 100 |
_aالبطريق، يونس أحمد _eمؤلف |
||
| 245 | 0 |
_aالسياسات الدولية في المالية العامة / _c يونس أحمد البطريق |
|
| 250 | _aطبعة 2(مزيدة و منقحة) | ||
| 260 |
_aالاسكندرية: _bدار الجامعية, _c[دون تاريخ] |
||
| 300 |
_a435 صفحة؛ _bإيضاحات ؛ _c24 سم |
||
| 504 | _aبيبلوغرافيا: ص.191 | ||
| 520 | _aالنصوص الكاملة لنماذج المكسيك - النصوص الكاملة لاتفاقية تجنب الازدواج الضريبي و منع التهرب من الضرائب لدول مجلس الوحدة الاقتصادية و العربية - نصوص اتفاقية بين جمهورية مصر العربية و الدميمارك لتجنب الازدواج الضريبي و منع تهرب من الضرائب | ||
| 942 | _cكتاب | ||
| 999 |
_c42947 _d42947 |
||